Trouver dans quel sport collectif ce pays à participé - Statistiques

Statistiques générales
  • Ce quiz a été pris 78 fois
  • Le résultat moyen est 12 sur 31
Statistiques - réponses
Hint Réponse % Correct
Fidji Rugby
74%
Costa Rica Football
71%
Samoa Rugby
71%
Honduras Football
69%
Pakistan Hockey sur gazon
63%
Tonga Rugby
63%
Irlande du Nord Football
61%
Bolivie Football
56%
Togo Football
55%
Namibie Rugby
53%
Emirats Arabes Unis Football
52%
Jamaïque Football
52%
Trinité-et-Tobago Football
48%
Salvador Football
47%
Géorgie Rugby
45%
Haïti Football
40%
Zimbawe Rugby
32%
Philippines Basket-ball
31%
République Centrafricaine Basket-ball
29%
Bahreïn Handball
27%
Jordanie Basket-ball
19%
Indonésie Football
19%
Libye Volley-ball
19%
Cap-Vert Handball
18%
Kenya Hockey sur Gazon
18%
Groenland Handball
16%
Guinée Volley-ball
15%
Mongolie Volley-ball
15%
Lettonie Hockey sur Glace
11%
Albanie Volley-ball
11%
Thaïlande Volley-ball
10%
Aucun quiz correspondant
Distribution des résultats
% des personnes avec chaque résultat
Percentile par nombre de réponses
Votre historique - résultats
Vous n’avez pas pris ce quiz